ბათუმის შოთა რუსთაველის სახელმწიფო უნივერსიტეტის ბიბლიოთეკა

გაფრინდი შავო მერცხალო : (ბიბ.ჩანაწერი № 40943)

000 -ლიდერი
ფიქსირებული სიგრძის საკონტროლო ველი 01003nam a2200229Ia 4500
001 - საკონტროლო ნომერი
საკონტროლო ველი 7590
003 - საკონტროლო ნომრის იდენტიფიკატორი
საკონტროლო ველი GE_BSU
005 - ბოლო ოპერაციის თარიღი და დრო
საკონტროლო ველი 20231226112731.0
008 - ფიქსირებული სიგრძის მონაცემთა ელემენტები - ზოგადი ინფორმაცია
ფიქსირებული სიგრძის საკონტროლო ველი 181216s1960||||ge |||||||||||||| ||geo||
040 ## - კატალოგიზაციის წყარო
Transcribing agency GE_BSU
041 ## - ენის კოდი
Language code of text/sound track or separate title geo
080 ## - უნივერსალური ათობითი კლასიფიკაციის ინდექსი
Universal Decimal Classification number 821.353.1-32 დ-72
100 ## - მთავარი ჩანაწერი - პიროვნების სახელი
Personal name დოლიძე, ნინო
9 (RLIN) 19872
245 ## - ცნობა სათაურის შესახებ
Title გაფრინდი შავო მერცხალო :
Remainder of title მოთხრობები /
Statement of responsibility, etc ნინო დოლიძე ; რედ. თ. გოგოლაძე ; მხატვ. ზ. წერეთელი.
264 ## - წარმოების, გამოცემის, დისტრიბუციის და სხვა ცნობები
გამოცემის, წარმოების, დისტრიბუციის... ადგილი თბილისი :
გამოცემის, წარმოების, დისტრიბუციის... სახელწოდება საბჭოთა საქართველო,
გამოცემის, წარმოების, დისტრიბუციის... თარიღი 1960.
300 ## - ფიზიკური აღწერა
Extent 192 გ. ;
Dimensions 20 სმ.
653 ## - INDEX TERM--UNCONTROLLED
Uncontrolled term გაფრინდი შავო მერცხალო
653 ## - INDEX TERM--UNCONTROLLED
Uncontrolled term მოთხრობები
700 ## - ADDED ENTRY--PERSONAL NAME
Personal name გოგოლაძე, თ.
Relator term რედაქტორი
9 (RLIN) 20886
700 ## - ADDED ENTRY--PERSONAL NAME
Personal name წერეთელი, ზ.
Relator term მხატვარი
9 (RLIN) 20887
942 ## - ADDED ENTRY ELEMENTS (KOHA)
Koha item type წიგნი
Source of classification or shelving scheme
ეგზემპლარები
ჩამოწერის სტატუსი დაკარგული ეგზემპლარის სტატუსი კლასიფიკაციის წყარო ან თაროზე გაწყობის სქემა დაზიანების სტატუსი არ გაიცემა მუდმივი მდებარეობა (დაცვის ადგილი) ამჟამინდელი ადგილსამყოფელი თაროზე განთავსების ადგილი შეძენის თარიღი ღირებულება, შესყიდვის ნორმალური ფასი სრული შენახვის შიფრი შტრიხკოდი ბოლო ოპერაციის თარიღი ეგზემპლარის მიმდევრობითი ნომერი (კეტერი?) ფასის ძალაში შესვლის თარიღი ეგზემპლარის სახეობა საჯარო შენიშვნა
          ბათუმის შოთა რუსთაველის სახელმწიფო უნივერსიტეტის მთავარი ბიბლიოთეკა ბათუმის შოთა რუსთაველის სახელმწიფო უნივერსიტეტის მთავარი ბიბლიოთეკა წიგნსაცავი 2018-12-17 8.30 821.353.1-32 დ-72 23469 2018-12-17 23469 2018-12-17 წიგნი 8.30 ₾.
          ბათუმის შოთა რუსთაველის სახელმწიფო უნივერსიტეტის მთავარი ბიბლიოთეკა ბათუმის შოთა რუსთაველის სახელმწიფო უნივერსიტეტის მთავარი ბიბლიოთეკა წიგნსაცავი 2018-12-17 8.30 821.353.1-32 დ-72 23470 2018-12-17 23470 2018-12-17 წიგნი 8.30 ₾.
          ბათუმის შოთა რუსთაველის სახელმწიფო უნივერსიტეტის მთავარი ბიბლიოთეკა ბათუმის შოთა რუსთაველის სახელმწიფო უნივერსიტეტის მთავარი ბიბლიოთეკა წიგნსაცავი 2018-12-17 8.30 821.353.1-32 დ-72 23471 2018-12-17 23471 2018-12-17 წიგნი 8.30 ₾.